Tom Haverford Slang - Statistics

General Stats
  • This quiz has been taken 421 times
  • The average score is 5 of 12
Answer Stats
Hint Answer % Correct
Desserts Zerts
81%
Sandwiches sammies
56%
Noodles Long ass rice
49%
Eggs Pre-birds
49%
Forks Food Rakes
48%
Entrées Tre-Tres
44%
Fried Chicken Fry-Fry Chicky-Chick
38%
Air conditioners cool blasterz
32%
Chicken cacciatore Chicky-cacc
30%
Tortillas Bean Blankets
24%
Root Beer Super Water
24%
Cakes big ol cookies
21%
No matching quizzes found
Score Distribution
Percent of People with Each Score
Percentile by Number Answered
Your Score History
You have not taken this quiz